000 03968nab a2200277 i 4500
003 BR-BrBNA
005 20250812110438.0
008 250812b2020 bl.ar|pooa||| 00| 0 por |
040 _aBR-BrBNA
_bpor
072 _aF70
072 _aK10
072 _aF50
072 _aP01
100 _aPlazas, Inkamauta Valeda Cerda
100 _aPaula, Alessandro de
245 _aChave interativa de espécies arbóreas em florestas estacionais do sudoeste da Bahia
500 _aPublicação on-line; 24 ref.; 3 tables; 4 illlus.; Summaries (En, Pt)
520 _a Resumo As florestas estacionais são as fitofisionomias do bioma Mata Atlântica mais ameaçadas, principalmente, pela pressão do agronegócio e pelo processo de urbanização. Diante desse cenário, o conhecimento de sua estrutura e, principalmente, de sua composição florística, são fundamentais para os processos de conservação e preservação dos recursos naturais. No intuito de auxiliar o processo de identificação de espécies, este trabalho teve como objetivo confeccionar uma chave interativa de espécies arbóreas localizadas em florestas estacionais do sudoeste da Bahia. Na confecção da chave foram excluídas as espécies que apresentaram densidade menor ou igual a um indivíduo por hectare nos respectivos levantamentos. Para elaboração da chave dendrológica foi necessário um levantamento de caracteres morfológicos de folhas e ramos, levando em consideração suas variações, assim como sua presença ou ausência. Os dados obtidos foram lançados na plataforma “on line” do Xper3. A consistência da base de dados foi analisada por meio da ferramenta “checkbase”. Foram utilizadas 177 espécies, sendo 62 da família Leguminosae. A chave está disponível na plataforma do Xper3 com acesso livre, mostrando-se eficiente e de uso simples. A chave contempla espécies frequentes em diversos levantamentos realizados na Bahia e, ainda, pode ser utilizada para florestas estacionais em outros estados. Palavras-chave: composição florística, dendrologia, Mata Atlântica, Xper. Abstract The seasonal forests are phytophysiognomies of the Atlantic Forest biology most threatened, mainly, by the pressure exerted by agribusiness pressure and the process urbanization process. In this scenario, the knowledge of its structure and, mainly, of its floristic composition, are fundamental for the processes of conservation and preservation of natural resources. In order to support the process of species identification, this work had as objective to make an interactive key of tree species located in seasonal forests of the Southwest of Bahia. In the making of the key were excluded the species with less importance and equal to one individual per hectare in the respective surveys. For the preparation of the dendrological key it was necessary a survey of the morphological characteristics of the leaf and the thin branche, taking into account its variations, as well it is presence or default. The data was released on the Xper3 online platform. The consistency of the database was analyzed through the tool “checkbase”. A total of 177 species were used, 62 of the Leguminosae family. The key is available on the Xper3 platform for free access, it is efficient and simple to use. The key contemplates any species in several surveys carried out in Bahia and, can also be used for Seasonal Forests in other States. Key words: floristic composition, dendrology, Atlantic Forest,Xper.
650 _aCOMPOSIÇÃO BOTÂNICA
650 _aDENDROLOGIA
650 _aMATA ATLÂNTICA
773 0 _0709
_9353216
_dRio de Janeiro-RJ Jardim Botanico do Rio de Janeiro 1935
_o2025-4473
_tRodriguésia (Brazil)
_x0370-6583; 2175-7860 on-line
_gv. 71 p. 1-12; (2020)
_wBR2025003310
856 _uhttps://www.scielo.br/j/rod/a/QpcknHcqkVdGY8778rWY5FM/?format=pdf&lang=pt
942 _cANA
999 _c337570
_d337570